Word Scramble - VCT Champions 2024 Players #1 - Statistics

General Stats
  • This quiz has been taken 570 times
  • The average score is 14 of 16
Answer Stats
Hint Answer % Correct
m0c C0M
100%
yaaaa AAAAY
96%
sasap aspas
96%
othnqj johnqt
95%
syfa Sayf
94%
wrcs Crws
90%
saf0rnke f0rsakeN
89%
choihoc CHICHOO
88%
ekitnz keznit
88%
ihor hiro
85%
aomk MaKo
85%
emiotnhgs something
82%
mzonia Mazino
78%
ebny BeYN
75%
enkzke zekken
72%
deercn ceNder
61%
No matching quizzes found
Score Distribution
Percent of People with Each Score
Percentile by Number Answered
Your Score History
You have not taken this quiz